书目信息 |
| 题名: |
宽带城域光纤网络技术
|
|
| 作者: | 周承刚 编著 | |
| 分册: | ||
| 出版信息: | 北京 科学出版社 2004 |
|
| 页数: | 493页 | |
| 开本: | 24cm | |
| 丛书名: | ||
| 单 册: | ||
| 中图分类: | TN915.62 | |
| 科图分类: | ||
| 主题词: | 光纤通信--宽带通信系统--接入网--高等学校--教材 , 光纤通信 , 宽带通信系统 | |
| 电子资源: | ||
| ISBN: | 7-03-013148-7 | |
| 000 | 01000nam0 2200277 450 | |
| 000 | 01007nam0 2200277 450 | |
| 000 | 00936nam0 2200253 450 | |
| 000 | 00900nam0 2200241 45 | |
| 005 | 20070525152705.68 | |
| 010 | @a7-03-013148-7@dCNY48.00 | |
| 100 | @a20070419d2004 ekmy0chiy0120 ea | |
| 101 | 0 | @achi |
| 102 | @aCN@b110000 | |
| 105 | @ay z 000yy | |
| 200 | 1 | @a宽带城域光纤网络技术@AKuan Dai Cheng Yu Guang Xian Wang Luo Ji Shu@f周承刚等编著@FZhou Cheng Gang Deng Bian Zhu |
| 210 | @a北京@c科学出版社@d2004 | |
| 215 | @a493页@d24cm | |
| 300 | @a21世纪高等院校教材 | |
| 330 | @a本书概述了光纤同轴电缆混合网络系统的原理、光纤光缆、有源无源光器件、网络拓扑以及正向和反向传输系统工程设计HFC宽带城域网络的基础理论与技术等内容。 | |
| 606 | 0 | @a光纤通信@x宽带通信系统@x接入网@x高等学校@j教材 |
| 606 | 0 | @a光纤通信 |
| 606 | 0 | @a宽带通信系统 |
| 690 | @aTN915.62@v4 | |
| 701 | 0 | @a周承刚@AZhou Cheng Gang@f(1935~)@4编著 |
| 801 | 0 | @aCN@bTAOJIN@c20070525 |
| 905 | @a10447@dTN915.62@e75 | |
| 宽带城域光纤网络技术/周承刚等编著.-北京:科学出版社,2004 |
| 493页;24cm |
| 21世纪高等院校教材 |
| ISBN 7-03-013148-7:CNY48.00 |
| 本书概述了光纤同轴电缆混合网络系统的原理、光纤光缆、有源无源光器件、网络拓扑以及正向和反向传输系统工程设计HFC宽带城域网络的基础理论与技术等内容。 |
| ● |
| 相关链接 |
|
|
|
|
正题名:宽带城域光纤网络技术
索取号:TN915.62/75
 
预约/预借
| 序号 | 登录号 | 条形码 | 馆藏地/架位号 | 状态 | 备注 |
| 1 | 0522763 | 205227636 | 第二样本阅览室/ [索取号:TN915.62/75] | 在馆 | |
| 2 | 0522764 | 205227645 | 第三借阅区/ [索取号:TN915.62/75] | 在馆 | |
| 3 | 0522765 | 205227654 | 第三借阅区/ [索取号:TN915.62/75] | 在馆 | |
| 4 | 0522766 | 205227663 | 第三借阅区/ [索取号:TN915.62/75] | 在馆 | |
| 5 | 0522767 | 205227672 | 第三借阅区/ [索取号:TN915.62/75] | 在馆 |